00818nam a2200241Ia 4500003000400000005001700004008004100021020001800062040000700080041001200087082001700099100002000116245007600136260003600212300001500248365001300263650002500276650002700301906007700328942001200405999001900417952014000436OSt20250927152728.0210423s2007 xx 000 0 und d a9788863012358 cAL aEnglish a305.3 bDEVE aDevika J980042 aEn-gendering individualsb: language of reforming in early 20th century aHyderabadbOrient Longmanc2007 axi,346bPB b695cINR aSocial Groups980043 aSocial Sciences980044 a20th ; century ; early ; En-gendering ; individuals:language ; reforming 2ddccBK c157549d157549 00102ddc40708MAENGaSACPGbSACPGd2009-11-30eKnowledge Worldg695.00l0o305.3 DEVEpPG004025r2022-08-24 00:00:00w2021-04-26yBK